00592nam a2200181 a 450000100100000000500170001000800410002702000150006804000250008310000300010824501070013826000410024530000280028649000220031450000220033650400300035883000220038800004284220201002040435.0140211s1999 sp a 000 0 spa d a8420639737 aDO-SdBNPbspacBNPHU1 aPuente Ferreras, Aníbal13aEl cerebro creador :b¿qué hacer para que el cerebro sea más eficaz? /cAníbal Puente Ferreras. aMadrid, :bAlianza Editorial,c1999. a443 p. :bil. ;c18 cm.1 aCiencias sociales aLibro de bolsillo aBibliografía p: 413-435 0aCiencias sociales